000 00891cam a22002775i 4500
001 17873617
003 USPCAS-E
005 20180118181415.0
008 130903s2013 nyu 000 0 eng
010 _a 2013949411
020 _a9783319019871
040 _aDLC
_beng
_cDLC
_erda
_dDLC
042 _apcc
082 _a621.31244
_bHIG 2014
100 1 _aWang, Xiaodong.
245 1 0 _aHigh-efficiency solar cells :
_bphysics, materials, and devices /
_cXiaodong Wang.
260 _aLondon:
_bSpringer,
_cc2014
263 _a1311
300 _apages cm
502 _a0
856 4 2 _3Publisher description
_uhttp://www.loc.gov/catdir/enhancements/fy1317/2013949411-d.html
856 4 1 _3Table of contents only
_uhttp://www.loc.gov/catdir/enhancements/fy1317/2013949411-t.html
906 _a0
_bibc
_corignew
_d2
_eepcn
_f20
_gy-gencatlg
942 _2ddc
_cBK
999 _c355825
_d355825